Statistics for Countries Producing the Most Bananas

Click here to take the quiz!

General Stats

  • This quiz has been taken 8,598 times
    (8,447 since last reset)
  • The average score is 9 of 14

Answer Stats

Tonnes Country % Correct
6.68 milBrazil
96%
3.79 milColombia
85%
2.23 milMexico
84%
30.5 milIndia
84%
11.2 milChina
81%
7.16 milIndonesia
79%
2.05 milVietnam
63%
6.28 milEcuador
59%
6.04 milPhilippines
58%
2.55 milCosta Rica
56%
3.89 milGuatemala
51%
3.49 milTanzania
31%
4.30 milAngola
22%
1.73 milRwanda
8%

Score Distribution

Percentile by Number Answered

Percent of People with Each Score

Your Score History

You have not taken this quiz since the last reset